| 000 | 00520nam a2200193Ia 4500 | ||
|---|---|---|---|
| 003 | STCL | ||
| 008 | 221019s9999 xx 000 0 und d | ||
| 020 | _a877790426 | ||
| 040 |
_aSTCL _cSTCL _bEN |
||
| 082 | _222 | ||
| 100 | _aMerriam Webster | ||
| 245 | 0 | _aMerriam Webster's encyclopedia of literature | |
| 246 | _aMerriam Webster's encyclopaedia of literature | ||
| 260 |
_bMerriam Webster, Incorporated Publishers _aUSA _c1995 |
||
| 300 | _a1236 p | ||
| 365 | _b2400 | ||
| 546 | _aEnglish | ||
| 942 |
_cBK _2DDC _e22 |
||
| 999 |
_c87858 _d87858 |
||